| 000 | 01485nam a2200265 i 4500 | ||
|---|---|---|---|
| 001 | 159636 | ||
| 003 | ES-MaACL | ||
| 005 | 20230906211709.0 | ||
| 008 | 040917s1879 sp |||| | spa d | ||
| 040 |
_aCAM _bspa _cCAM |
||
| 245 | 0 | 0 | _aDiscursos leídos en la sesión inaugural del año académico de 1879-80 en la Academia Médico- Quirúrgica Española el 26 de noviembre de 1879. |
| 260 |
_aMadrid : _b[s.n.], _c1879 ( _fImprenta de Enrique Teodoro) |
||
| 300 |
_a28, 40, 15 p. ; _c22 cm. |
||
| 505 | 8 | _aContiene: Memoria leída en la sesión inaugural del año ... / por Isidoro de Miguel y Viguri. Discurso leído en la sesión inaugural del año ... / por Bonifacio Montejo y Robledo | |
| 530 | _aDisponible también en sitio web. | ||
| 594 | _aTít. del discurso de Bonifacio Montejo y Robledo : "Los médicos deben dirigir los hospitales" | ||
| 597 | _aLa última secuencia de pág. corresponde a la "Lista de los señores académicos de número y corresponsales" | ||
| 650 | 4 |
_aHospitales- _xAdministración. _9152562 |
|
| 650 | 0 | 4 |
_aMédicos. _914941 |
| 700 | 0 |
_aMiguel y Viguri, Isidoro de. _981043 |
|
| 700 | 1 |
_aMontejo y Robledo, Bonifacio. _9130087 |
|
| 710 | 2 | 1 |
_aAcademia Médico-Quirúrgica Española. _91209 |
| 852 |
_aES-MaACL _jT-685-F-4 _z-- Enc. hol., conservando la cub. original _z-- Enc. en un vol. facticio |
||
| 856 |
_uhttp://bibliotecadigitalhispanica.bne.es:80/webclient/DeliveryManager?pid=1834776&custom_att_2=simple_viewer _zIr a la página |
||
| 999 |
_c159636 _d159636 |
||